Catálogo
 En Linea

Un asesinato que comete cualquiera / (Registro nro. 25524)

Detalles MARC
000 -CABECERA
campo de control de longitud fija 00682nam a2200205 a 4500
001 - NÚMERO DE CONTROL
campo de control 000026032
005 - FECHA Y HORA DE LA ÚLTIMA TRANSACCIÓN
campo de control 20200930024238.0
008 - DATOS DE LONGITUD FIJA--INFORMACIÓN GENERAL
campo de control de longitud fija 110225s1966 sp r 000 0 spa d
040 ## - FUENTE DE LA CATALOGACIÓN
Centro catalogador/agencia de origen DO-SdBNP
Lengua de catalogación spa
Centro/agencia transcriptor BNPHU
041 17 - CÓDIGO DE LENGUA
Código de lengua del texto/banda sonora o título independiente spa
Código de lengua original ger
Fuente del código Código de idiomas MARC
082 ## - NÚMERO DE LA CLASIFICACIÓN DECIMAL DEWEY
Número de clasificación nn*
Número de documento/Ítem nn*
049 ## - FONDOS LOCALES (OCLC)
Fondos de biblioteca BNGR
100 1# - ENTRADA PRINCIPAL--NOMBRE DE PERSONA
Nombre de persona Von Doderer, Heimito.
9 (RLIN) 52955
240 10 - TÍTULO UNIFORME
Título uniforme Ein mord den jeder begeht.
Lenguaje de la obra Español
245 10 - MENCIÓN DE TÍTULO
Título Un asesinato que comete cualquiera /
Mención de responsabilidad, etc. Heimito Von Doderer ; traducción de Pablo Simon.
260 ## - PUBLICACIÓN, DISTRIBUCIÓN, ETC.
Lugar de publicación, distribución, etc. Barcelona :
Nombre del editor, distribuidor, etc. Plaza & Janes,
Fecha de publicación, distribución, etc. 1966.
300 ## - DESCRIPCIÓN FÍSICA
Extensión 408 p. ;
Dimensiones 19 cm.
534 ## - NOTA SOBRE LA VERSIÓN ORIGINAL
Encabezamiento principal del original Título original :
Mención de título del original Ein mord den jeder begeht
700 1# - PUNTO DE ACCESO ADICIONAL--NOMBRE DE PERSONA
Nombre de persona Simon, Pablo,
Término indicativo de función/relación tr.
9 (RLIN) 52956
Existencias
Estado de retiro Estado de pérdida Restricciones de uso No para préstamo Código de colección Localización permanente Ubicación/localización actual Ubicación en estantería Fecha de adquisición Número de inventario Total de préstamos Signatura topográfica completa Código de barras Fecha visto por última vez Precio válido a partir de Tipo de ítem Koha
        Monografías: Libros y Folletos General General En catalogación 25.02.2011 LF1   nn* nn* 26032-10 25.06.2020 25.06.2020 Préstamo en sala

Con tecnología Koha